| 000 | 01319nam a22003254i 4500 | ||
|---|---|---|---|
| 999 |
_c64658 _d64658 |
||
| 001 | 776923893 | ||
| 003 | OCoLC | ||
| 005 | 20230331062545.0 | ||
| 008 | 120215s2009 xxu b 000 0 eng | ||
| 020 | _a9780525951360 | ||
| 040 |
_aPNX _beng _dCO-MdFUSB _cCO-MdFUSB _erda |
||
| 041 | 1 |
_aspa _hspa |
|
| 082 |
_223 _a241.3 _bK29 |
||
| 100 | 1 |
_aKeller, Timothy J., _d1950- _eautor |
|
| 245 | 1 | 0 |
_aCounterfeit gods _b: the empty promises of money, sex, and power, and the only hope that matters _c/ Timothy Keller |
| 264 | 1 |
_aNew York, USA : _bDutton, _c℗[2009] |
|
| 264 | 4 | _c©2009 | |
| 300 |
_a224 páginas ; _c20 cm. |
||
| 336 |
_btxt _2rdacontent. _atexto |
||
| 337 |
_bn _2rdamedia. _asin mediación |
||
| 338 |
_bnc _2rdacarrier. _avolumen |
||
| 504 | _aIncluye notas (página 178) Incluye bibliografía (página 206) | ||
| 505 | _aLa fábrica de ídolos -- Todo lo que usted ha deseado -- El amor no es todo lo que usted necesita -- El dinero lo cambia todo -- La seducción del éxito -- El poder y la gloria -- Los ídolos escondidos de nuestra vida -- El final de los dioses falsos -- Descubra sus ídolos y reemplácelos | ||
| 563 | _aTapa dura | ||
| 650 | 7 |
_aÉtica cristiana _2 _9185 |
|
| 650 | 0 |
_aVida cristiana _919 |
|
| 942 | _cBK | ||